|
|
|
|
| LEADER |
00000nam0a2200000 4500 |
| 001 |
125632 |
| 005 |
20240213101145.0 |
| 035 |
|
|
|a (RuTPU)RU\TPU\book\135940
|
| 090 |
|
|
|a 125632
|
| 100 |
|
|
|a 20071119d2007 k y0rusy50 ca
|
| 101 |
0 |
|
|a rus
|
| 102 |
|
|
|a RU
|
| 105 |
|
|
|a a dm 001zy
|
| 200 |
1 |
|
|a Дифракционное излучение релятивистских электронов и диагностика пучков
|e автореферат диссертации на соискание ученой степени доктора физико-математических наук
|e спец. 01.04.20
|f Г. А. Науменко
|g Научно-исследовательский институт ядерной физики; науч. конс. А. П. Потылицын
|
| 210 |
|
|
|a Томск
|c [Б. и.]
|d 2007
|
| 215 |
|
|
|a 25 с.
|c ил.
|
| 300 |
|
|
|a Защита сост. 15.10.2007 г.
|
| 320 |
|
|
|a Библиогр.: с. 23-25 (26 назв.).
|
| 452 |
|
1 |
|0 (RuTPU)RU\TPU\book\137486
|t Дифракционное излучение релятивистских электронов и диагностика пучков
|o автореферат диссертации на соискание ученой степени доктора физико-математических наук
|f Г. А. Науменко
|g Научно-исследовательский институт ядерной физики ; науч. конс. А. П. Потылицын
|c Томск
|n Б.и.
|d 2007
|a Науменко, Геннадий Андреевич
|
| 610 |
1 |
|
|a физика
|
| 610 |
1 |
|
|a поляризационное излучение
|
| 610 |
1 |
|
|a дифракционное излучение
|
| 610 |
1 |
|
|a релятивистские электроны
|
| 610 |
1 |
|
|a резонансное излучение
|
| 610 |
1 |
|
|a релятивистские пучки
|
| 610 |
1 |
|
|a авторефераты диссертаций
|
| 610 |
1 |
|
|a труды учёных ТПУ
|
| 675 |
|
|
|a 533.9(04)
|v 3
|
| 686 |
|
|
|a 01.04.20
|2 oksvnk
|
| 700 |
|
1 |
|a Науменко
|b Г. А.
|c физик
|c ведущий научный сотрудник Томского политехнического университета
|f 1947-
|g Геннадий Андреевич
|3 (RuTPU)RU\TPU\pers\26566
|
| 702 |
|
1 |
|a Потылицын
|b А. П.
|c российский физик
|c профессор Томского политехнического университета
|f 1945-
|g Александр Петрович
|3 (RuTPU)RU\TPU\pers\15853
|4 695
|9 5531
|
| 712 |
0 |
2 |
|a Томский политехнический университет (ТПУ)
|b Научно-исследовательский институт ядерной физики (НИИ ЯФ)
|c (1998-)
|3 (RuTPU)RU\TPU\col\581
|
| 801 |
|
1 |
|a RU
|b 63413507
|c 20071119
|g PSBO
|
| 801 |
|
2 |
|a RU
|b 63413507
|c 20160209
|g PSBO
|
| 942 |
|
|
|c BK
|